000 00975cam a2200253 a 4500
999 _c329119
_d329119
001 14631718
003 Nust
005 20170424151514.0
008 061113s2007 nyu 000 0 eng
010 _a 2006037816
020 _a9781583227572 (alk. paper)
040 _aDLC
_cDLC
_dDLC
041 1 _aeng
_hger
050 0 0 _aPT2670.E46
_bG5413 2007
082 0 0 _a833.914 JEL
_222
100 1 _aJelinek, Elfriede,
_d1946-
240 1 0 _aGier.
_lEnglish
245 1 0 _aGreed :
_ba novel /
_cElfriede Jelinek ; translated by Martin Chalmers.
250 _a1st Seven Stories Press ed.
260 _aNew York :
_bSeven Stories Press,
_c2007.
300 _a330 p. ;
_c21 cm.
700 1 _aChalmers, Martin.
906 _a7
_bcbc
_corignew
_d1
_eecip
_f20
_gy-gencatlg
942 _2ddc
_cBK